000 00749nam a22002537a 4500
999 _c427205
_d427205
001 47086
003 UA-OsUOA
005 20191008120620.0
007 ta
008 20120531b un ||||| |||| 00| 0 ukr d
040 _aUA-OsUOA
_bger
_cUA-OsUOA
_dUA-OsUOA
041 _ager
080 _a94(477).06
090 _a94(477).06
245 _aEvents in Ukraine 1914–1922. Their importance and historical background
260 _aHorn
_c1966
300 _a450 p.
505 _gVol. I
650 7 _a9 Географія. Біографії. Історія
_2UDC
942 _cBK
_2udc
955 _a1